Szczegóły MARC21

Ubezpieczenia na życie w aspekcie optymalizacji ochrony przed skutkami ryzyka osobowego : rozprawa doktorska /

005 -DATA I CZAS OSTATNIEJ MODYFIKACJI [,]
    • @
    • pole kontrolne
    • 20120313130746.0
020 -Międzynarod. znormalizowany nr książki - ISBN [ , ]
    • a
    • Numer ISBN
    • 9788392317197 Find
040 -Instytucja sporządzająca opis [ , ]
    • a
    • Instytucja, która sporządziła opis (NP)
    • SZCZ U/SA
    • c
    • Instytucja, która sporządziła rekord (NP)
    • SZCZ U/SA
    • d
    • Instytucja, która zmodyfikowała rekord (P)
    • SZCZ U/MS
041 -Język dokumentu [0, ]
    • a
    • Język tekstu (P)
    • polski
044 -Kraj miejsca wydania [ , ]
    • a
    • Kraj miejsca wydania
    • Polska
942 -Rodzaj dokumentu [ , ]
    • c
    • Rodzaj dokumentu
    • Książka
100 -Hasło główne - nazwa osobowa [1, ]
    • 9
    • KHW
    • 39295
    • a
    • Nazwa osobowa (NP)
    • Kania, Piotr
    • c
    • Dopowiedzenie inne niż daty biograficzne (P)
    • (ubezpieczenia społeczne).
245 -Strefa tytułu i oznaczenia odpowiedzialności [1,0]
    • a
    • Tytuł
    • Ubezpieczenia na życie w aspekcie optymalizacji ochrony przed skutkami ryzyka osobowego : Find
    • b
    • Ciąg dalszy tytułu (NP)
    • rozprawa doktorska / Find
    • c
    • Pozostałe elementy strefy tytułu i oznaczenia odpowiedzialności (NP)
    • Piotr Kania ; Akademia Ekonomiczna w Katowicach.
250 -Strefa wydania [ , ]
    • a
    • Oznaczenie wydania (NP)
    • [Uwzględniono stan prawny obowiązujący na 31 grudnia 2005 r.].
260 -Strefa adresu wydawniczego [ , ]
    • a
    • Miejsce wydania (P)
    • Warszawa :
    • b
    • Nazwa wydawcy (P)
    • Fundacja WARTY i Kredyt Banku "Razem możemy więcej" :
    • c
    • Data wydania (P)
    • 2008.
300 -Strefa opisu fizycznego [ , ]
    • a
    • Określenie formy książki i/lub objętość (NP)
    • 326, [1] s. :
    • b
    • Oznaczenie ilustracji (NP)
    • il. ;
    • c
    • Format (NP)
    • 24 cm.
500 -Uwaga ogólna [ , ]
    • a
    • Uwaga ogólna (NP)
    • Rozprawa doktorska.
500 -Uwaga ogólna [ , ]
    • a
    • Uwaga ogólna (NP)
    • Oznaczenie stanu prawnego we wstępie.
504 -Uwaga dot. bibliogr. załącznikowej [ , ]
    • a
    • Uwaga dot. bibliografii załącznikowej
    • Bibliogr.
586 -Uwaga dot. nagrody [8, ]
    • a
    • Uwaga dot. nagrody
    • Praca doktorska z dziedziny ubezpieczeń nagrodzona w X edycji Konkursu Kredyt Banku S.A. i Towarzystwa Ubezpieczeń i Reasekuracji WARTA S.A. na najlepsze prace magisterskie i doktorskie z dziedziny ubezpieczeń, bankowości i bancassurance.
080 -Uniwersalna Klasyfikacja Dziesiętna [ , ]
    • 2
    • Identyfikator wydania tablic
    • UDC-P058
    • 9
    • UKD
    • 3807
    • a
    • Symbol klasyfikacji
    • 368.91
    • b
    • Dopowiedzenie
    • Ubezpieczenia na życie. Prywatne ubezpieczenia emerytalne.
    • 4
    • UKD2
    • 8288
    • x
    • Poddział wspólny
    • (043)
    • c
    • Dopowiedzenie poddz. wspólnego
    • (Prace dyplomowe. Rozprawy doktorskie. Dysertacje).
080 -Uniwersalna Klasyfikacja Dziesiętna [ , ]
    • 2
    • Identyfikator wydania tablic
    • UDC-P058
    • 9
    • UKD
    • 3799
    • a
    • Symbol klasyfikacji
    • 368.029
    • b
    • Dopowiedzenie
    • Reasekuracja. Ryzyko ubezpieczeniowe.
    • 4
    • UKD2
    • 8288
    • x
    • Poddział wspólny
    • (043)
    • c
    • Dopowiedzenie poddz. wspólnego
    • (Prace dyplomowe. Rozprawy doktorskie. Dysertacje).
980 -Symbol UKD [ , ]
    • a
    • UKD
    • 368.91:368.029:](043)
920 -ISBN [ , ]
    • a
    • ISBN
    • 978-83-923171-9-7 Find
Lokalizacja Data inwentaryzacji Numer inwentarzowy Status udost.
BE2009-05-21E.71947-2